000 00607nam a2200229Ia 4500
003 OSt
005 20220918210442.0
006 a|||||r|||| 00| 0
007 ta
008 220917b |||||||| |||| 00| 0 eng d
024 _a120,580
037 _cTextual
040 _aARTS
_cARTS
_beng
041 _2eng
_aeng
082 _aV73:1958.N7, L8
100 _aDaniel Donald C
_9118278
245 0 _aInternational perceptions of the superpower military balance
260 _c1978
650 _aHISTORY
942 _hV73:1958.N7, L8
_cTEXL
_2CC
999 _c243838
_d243838